Sledovanie povrchových šaperónov na bunkovej línii L1210 po ovplyvnení látkami indukujúcimi stres

Gespeichert in:
Bibliographische Detailangaben
1. Verfasser: Kyca, Tomáš (Verfasst von)
Weitere Verfasser: Šereš, Mário (Betreuung Doktorarbeit)
Format: Manuskript Buch
Sprache:Slowakisch
Veröffentlicht: 2021
Schlagworte:
Online-Zugang:http://is.stuba.sk/zp/portal_zp.pl?podrobnosti=145767
Tags: Tag hinzufügen
Keine Tags, Fügen Sie das erste Tag hinzu!

MARC

LEADER 00000ntm a22000003a 4500
001 stuzp66193
003 SK-STU
005 20210904210433.6
007 ta
008 150427s2015----xo-----f-mn---000-0-slo-d
040 |a STU  |b slo 
041 0 |a slo 
100 1 |a Kyca, Tomáš  |u 043000  |4 aut  |U FCHPT Fakulta chemickej a potravinárskej technológie  |T FCHPT Ústav biochémie a mikrobiológie  |X 60393  |U C3000  |Y 101  |7 60393 
242 0 1 |a Monitoring of Surface Chaperones on the L1210 Cell Line Affected by Stress Inducing Agents  |y eng 
245 1 0 |a Sledovanie povrchových šaperónov na bunkovej línii L1210 po ovplyvnení látkami indukujúcimi stres 
260 |c 2021 
650 4 |a viaclieková rezistencia  |2 slo 
650 4 |a ABC transportéry  |2 slo 
650 4 |a P-glykoproteín  |2 slo 
650 4 |a stres ER  |2 slo 
650 4 |a šaperóny  |2 slo 
650 4 |a bunkový cyklus  |2 slo 
650 4 |a ubikvitinácia  |2 slo 
650 4 |a multidrug resistance  |2 eng 
650 4 |a ABC transporters  |2 eng 
650 4 |a P-glycoprotein  |2 eng 
650 4 |a ER stress  |2 eng 
650 4 |a chaperones  |2 eng 
650 4 |a cell cycle  |2 eng 
650 4 |a ubiquitination  |2 eng 
700 1 |a Šereš, Mário  |4 ths  |X 60528  |7 60528 
856 4 |u http://is.stuba.sk/zp/portal_zp.pl?podrobnosti=145767